| 000 | 01039nam a2200313 i 4500 | ||
|---|---|---|---|
| 003 | DO-SdBNP | ||
| 005 | 20250625091657.0 | ||
| 006 | a||||gr|||| 00| 0 | ||
| 007 | ta | ||
| 008 | 240812b |||ag||| |||| 00| m spa d | ||
| 040 |
_aDO-SdBNP _bspa _cBNPHU _erda |
||
| 041 | _aspa | ||
| 082 | 4 |
_axxx _bM385m _222 |
|
| 100 | 1 |
_aMartínez, Yokaira _eautor _986312 _4aut. |
|
| 245 | 1 | 0 |
_aMétodo de aprendizaje musical con el acordeón / _bYokaira Martínez. |
| 264 |
_a[no identificado] : _b[no identificado], _c[200?] |
||
| 300 |
_a52 páginas : _bilustraciones, música ; _c27 cm. |
||
| 336 |
_atexto _btxt _2rdacontent |
||
| 337 |
_asin mediación _bn _2rdamedia |
||
| 338 |
_avolumen _bnc _2rdacarrier |
||
| 500 | _aLa Biblioteca posee el volumen 1 | ||
| 504 | _aBibliografía: página 52. | ||
| 590 | _aInventariado 2024 / MF | ||
| 650 | 0 |
_aMúsica _xMétodo de Aprendizaje _92775 |
|
| 650 | 4 |
_aInstrumentos Musicales Dominicanos _9461 _xMétodo de Aprendizaje |
|
| 650 | 4 |
_aLectura Musical _942648 |
|
| 910 | _aMF | ||
| 942 |
_2ddc _cLBS1 |
||
| 999 |
_c57411 _d57411 |
||